|
|
|
|
| LEADER |
00000nam0a2200000 4500 |
| 001 |
260344 |
| 005 |
20231101233453.0 |
| 010 |
|
|
|a 5335001089
|
| 035 |
|
|
|a (RuTPU)RU\TPU\book\283292
|
| 090 |
|
|
|a 260344
|
| 100 |
|
|
|a 20140515d1988 km y0rusy50 ca
|
| 101 |
0 |
|
|a rus
|
| 102 |
|
|
|a UA
|
| 105 |
|
|
|a y g 001zy
|
| 200 |
1 |
|
|a Расчет норм расхода топлива, электроэнергии и неметаллических материалов в машиностроении
|e справочник
|f Т. И. Лукьянец
|
| 210 |
|
|
|a Киев
|c Тэхника
|d 1988
|
| 215 |
|
|
|a 191 с.
|
| 320 |
|
|
|a Библиогр.: с. 190.
|
| 606 |
1 |
|
|a Машиностроение
|x Нормативы
|2 stltpush
|3 (RuTPU)RU\TPU\subj\41492
|9 61282
|
| 610 |
1 |
|
|a топливо
|
| 610 |
1 |
|
|a электроэнергия
|
| 610 |
1 |
|
|a неметаллические материалы
|
| 610 |
1 |
|
|a нормы
|
| 610 |
1 |
|
|a расчет
|
| 610 |
1 |
|
|a справочники
|
| 610 |
1 |
|
|a нормирование
|
| 675 |
|
|
|a 621.002:658.53(035)
|v 3
|
| 700 |
|
1 |
|a Лукьянец
|b Т. И.
|g Тамара Ивановна
|
| 801 |
|
1 |
|a RU
|b 63413507
|c 20140515
|
| 801 |
|
2 |
|a RU
|b 63413507
|c 20160419
|g RCR
|
| 942 |
|
|
|c BK
|